Central Library OPAC University of Rajshahi

The philosophical impact of contemporary physics / (Record no. 52485)

MARC details
000 -LEADER
fixed length control field 00642nam a2200229 a 4500
001 - CONTROL NUMBER
control field 52485
003 - CONTROL NUMBER IDENTIFIER
rucl marc code BD-RjUL
005 - DATE AND TIME OF LATEST TRANSACTION
control field 20211209075820.0
008 - FIXED-LENGTH DATA ELEMENTS--GENERAL INFORMATION
fixed length control field 160921s1961 enk b 001 0 eng
035 ## - SYSTEM CONTROL NUMBER
System control number (BD-RjUL)52605
040 ## - CATALOGING SOURCE
Original cataloging agency DLC/ICU
Transcribing agency ICU
Modifying agency DLC
-- BD-RjUL
Language of cataloging eng
041 ## - LANGUAGE CODE
Language code of text/sound track or separate title eng
082 00 - DEWEY DECIMAL CLASSIFICATION NUMBER
Classification number 530.1
Edition number 23
Author mark and year CAP 1961
100 1# - MAIN ENTRY--PERSONAL NAME
Personal name Čapek, Milič.
9 (RLIN) 156981
245 14 - TITLE STATEMENT
Title The philosophical impact of contemporary physics /
Statement of responsibility, etc. Milič. Čapek
260 ## - PUBLICATION, DISTRIBUTION, ETC. (IMPRINT)
Place of publication, distribution, etc. London :
Name of publisher, distributor, etc. Van Nostrand,
Date of publication, distribution, etc. c1961
300 ## - PHYSICAL DESCRIPTION
Pagination xvii414 p. ;
Size 24 cm.
500 ## - GENERAL NOTE
General note Include index
650 #0 - SUBJECT ADDED ENTRY--TOPICAL TERM
Topical term or geographic name as entry element Physics
General subdivision Philosophy.
9 (RLIN) 154838
942 ## - ADDED ENTRY ELEMENTS (KOHA)
Source of classification or shelving scheme Dewey Decimal Classification
Koha item type Books
Holdings
Lost status Source of classification or shelving scheme Damaged status Not for loan Collection code Permanent Location Current Location Shelving location Date acquired Source of acquisition Total Checkouts Full call number Date last seen Copy number Koha item type
  Dewey Decimal Classification     Non-fiction Central Library, University of Rajshahi Central Library, University of Rajshahi   06/05/1968 Zeitlinger   530.1 CAP 1961 21/09/2016 C-2 Books
  Dewey Decimal Classification     Non-fiction Central Library, University of Rajshahi Central Library, University of Rajshahi   06/05/1968 Zeitlinger   530.1 CAP 1961 21/09/2016 C-3 Books
  Dewey Decimal Classification     Non-fiction Central Library, University of Rajshahi Central Library, University of Rajshahi   06/05/1968 Zeitlinger   530.1 CAP 1961 21/09/2016 C-4 Books
  Dewey Decimal Classification     Non-fiction Central Library, University of Rajshahi Central Library, University of Rajshahi   06/05/1968 Zeitlinger   530.1 CAP 1961 21/09/2016 C-5 Books
  Dewey Decimal Classification     Non-fiction Central Library, University of Rajshahi Central Library, University of Rajshahi   06/05/1968 Zeitlinger   530.1 CAP 1961 21/09/2016 C-6 Books